Polish Political Parties - Statistics

General Stats
  • This quiz has been taken 114 times
    30 since last reset
  • The average score is 5 of 20
Answer Stats
Ideology Coalition Position Seats Answer % Correct
National conservatismPopulism Euroscepticism United Right Right Wing 212 Law and Justice
100%
Christian democracyLiberal conservatism Pro-Europeanism Civic Coalition Centre Right 191 Civic Coalition
90%
Democratic SocialismProgressivism Centre Left to Left Wing 4 Partia Razem
59%
Traditional CatholicismNational Conservatism Monarchism Euroscepticism Far Right 4 Confederation of the Polish Crown
48%
AgrarianismChristian democracy Liberal conservatism Polish Coalition Centre Right to Right Wing 34 Polish People's
48%
Christian democracySocial conservatism Centre Right 39 Poland 2050
41%
Conservativism Eurosceptic Right-wing populism Confederation Far Right 11 New Hope
28%
National conservatism Neo-Fascism Euroscepticism Confederation Far Right 9 National Movement
24%
Social democracyFeminism Pro-Europeanism The Left Centre Left 26 New Left
24%
_______ politicsProgressivism Pro-Europeanism Civic Coalition Centre Left 3 The Greens
24%
PopulismDirect democracy Soft Euroscepticism Free Republicans Right Wing 3 Kukiz 15
17%
AgrarianismCatholic left Democratic socialism Civic Coalition Left wing 1 AGROunion
7%
Democratic socialism The Left Left wing 1 Polish Socialist
7%
Liberal conservatismChristian democracy Polish Coalition Centre Right 4 Centre for Poland
3%
AgrarianismPopulism Soft Euroscepticism Free Republicans Right Wing 1 Freedom and Prosperity
0%
Social democracyAnti-clericalism The Left Centre Left 1 Labour Union
0%
Conservative Liberalism Centre 3 New Poland
0%
ConservatismPro-Europeanism United Right Centre Right 5 Renewal of the Republic of Poland
0%
LiberalismSocial liberalism Polish Coalition Centre to Centre Right 1 Union of European Democrats
0%
Regionalism Civic Coalition Centre Left 2 Yes! for Poland
0%
No matching quizzes found
Score Distribution
Percent of People with Each Score
Percentile by Number Answered
Your Score History
You have not taken this quiz since the last reset